<?xml version="1.0" encoding="UTF-8"?>
<record
    xmlns:xsi="http://www.w3.org/2001/XMLSchema-instance"
    xsi:schemaLocation="http://www.loc.gov/MARC21/slim http://www.loc.gov/standards/marcxml/schema/MARC21slim.xsd"
    xmlns="http://www.loc.gov/MARC21/slim">

  <leader>01517nam a2200277 i 4500</leader>
  <controlfield tag="001">39463</controlfield>
  <controlfield tag="003">ES-MaACL</controlfield>
  <controlfield tag="005">20251014063105.0</controlfield>
  <controlfield tag="007">t|</controlfield>
  <controlfield tag="008">030303s1918    sp f         |||| | spa d</controlfield>
  <datafield tag="100" ind1="1" ind2=" ">
    <subfield code="a">Canella y Secades, Ferm&#xED;n, </subfield>
    <subfield code="d">1849-1924</subfield>
    <subfield code="9">34478</subfield>
  </datafield>
  <datafield tag="245" ind1="1" ind2="3">
    <subfield code="a">De Covadonga (contribuci&#xF3;n al XII centenario) / </subfield>
    <subfield code="c">Ferm&#xED;n Canella y Secades.</subfield>
  </datafield>
  <datafield tag="260" ind1=" " ind2=" ">
    <subfield code="a">Madrid : </subfield>
    <subfield code="b">[s.n.], </subfield>
    <subfield code="c">1918 (</subfield>
    <subfield code="f">Estab. Tip. de Jaime Rat&#xE9;s)</subfield>
  </datafield>
  <datafield tag="300" ind1=" " ind2=" ">
    <subfield code="a">395 p., [17] h. de l&#xE1;m. ; </subfield>
    <subfield code="c">21 cm.</subfield>
  </datafield>
  <datafield tag="500" ind1=" " ind2=" ">
    <subfield code="a">Incluye en p.[169]-196: Noticia de la antig&#xFC;edad y situaci&#xF3;n del Santuario de Santa Maria de Cobadonga en el Principado de Asturias, con las del cronista Ambrosio de Morales en su viaje santo.</subfield>
  </datafield>
  <datafield tag="504" ind1=" " ind2=" ">
    <subfield code="a">Bibliograf&#xED;a: p. [287]-333.</subfield>
  </datafield>
  <datafield tag="530" ind1=" " ind2=" ">
    <subfield code="a">Disponible en formato digital.</subfield>
  </datafield>
  <datafield tag="534" ind1=" " ind2=" ">
    <subfield code="p">Reprod. de. </subfield>
    <subfield code="t">Noticia de la antig&#xFC;edad y situaci&#xF3;n del Santuario de Santa Maria de Cobadonga en el Principado de Asturias, con las del cronista Ambrosio de Morales en su viaje santo, </subfield>
    <subfield code="c">En Barcelona : por Francisco Suri&#xE1; y Brugada, Imp. de la Real Junta Superior de Gobierno, [1778]</subfield>
  </datafield>
  <datafield tag="610" ind1="1" ind2="4">
    <subfield code="a">Santuario de Nuestra Se&#xF1;ora de Covadonga-</subfield>
    <subfield code="x">Historia.</subfield>
    <subfield code="9">134842</subfield>
  </datafield>
  <datafield tag="650" ind1=" " ind2="4">
    <subfield code="a">Batalla de Covadonga, 718-</subfield>
    <subfield code="v">Aniversarios y centenarios.</subfield>
    <subfield code="9">170579</subfield>
  </datafield>
  <datafield tag="650" ind1=" " ind2="4">
    <subfield code="a">Virgen de Covadonga.</subfield>
    <subfield code="9">159010</subfield>
  </datafield>
  <datafield tag="852" ind1=" " ind2=" ">
    <subfield code="a">ES-MaACL</subfield>
    <subfield code="j">F-1875</subfield>
    <subfield code="c">DEPO2</subfield>
    <subfield code="z">Revisado enlace: 9 de julio de 2025</subfield>
  </datafield>
  <datafield tag="856" ind1="4" ind2=" ">
    <subfield code="u">http://bdh-rd.bne.es/viewer.vm?id=0000196628&amp;page=1 </subfield>
    <subfield code="y">Biblioteca Digital Hisp&#xE1;nica</subfield>
  </datafield>
  <datafield tag="942" ind1=" " ind2=" ">
    <subfield code="2">udc</subfield>
  </datafield>
  <datafield tag="999" ind1=" " ind2=" ">
    <subfield code="c">39463</subfield>
    <subfield code="d">39463</subfield>
  </datafield>
  <datafield tag="952" ind1=" " ind2=" ">
    <subfield code="0">0</subfield>
    <subfield code="1">0</subfield>
    <subfield code="4">0</subfield>
    <subfield code="7">0</subfield>
    <subfield code="8">Colecci&#xF3;n_digital</subfield>
    <subfield code="a">ATENEOM</subfield>
    <subfield code="b">ATENEOM</subfield>
    <subfield code="c">DEPO2</subfield>
    <subfield code="d">2008-01-17</subfield>
    <subfield code="e">SC</subfield>
    <subfield code="l">0</subfield>
    <subfield code="o">F-1875</subfield>
    <subfield code="p">1041561</subfield>
    <subfield code="r">2023-02-23 00:00:00</subfield>
    <subfield code="w">2023-02-23</subfield>
    <subfield code="y">MONOGRAFIA</subfield>
  </datafield>
</record>
